| 000 | 00413nam a2200145Ia 4500 | ||
|---|---|---|---|
| 008 | 220217s9999||||xx |||||||||||||| ||und|| | ||
| 020 | _a9788122440515 | ||
| 082 | _a624.1834 BHA | ||
| 100 | _aBhavikatti, S.S | ||
| 245 | 0 | _aDesign of RCC structural elements (RCC Volume 1) | |
| 250 | _a2 | ||
| 260 |
_aNew age international _bNew Delhi _c2016 |
||
| 300 |
_aIX, 257p. _b225 |
||
| 650 | _aCONCRETE TECHNOLOGY | ||
| 999 |
_c186840 _d186840 |
||